| 000 | 00585nam a2200205 i 4500 | ||
|---|---|---|---|
| 001 | 53613 | ||
| 003 | ES-MaACL | ||
| 005 | 20230906162810.0 | ||
| 007 | t| | ||
| 008 | 031105s1997 ag ||||1| spa d | ||
| 020 | _a950-23-0636-8 | ||
| 080 | _a929 Mújica Láinez, Manuel | ||
| 100 | 1 |
_aCruz, Jorge. _941797 |
|
| 245 | 1 | 0 |
_aGenio y figura de Manuel Mújica Láinez / _cJorge Cruz. |
| 250 | _a2ª ed., 1ª reimp. | ||
| 260 |
_aBuenos Aires : _bEudeba, _c1997. |
||
| 300 |
_a253 p. ; _c21 cm. |
||
| 600 | 1 | 4 |
_aMujica Láinez, Manuel. _984091 |
| 852 |
_aES-MaACL _jL-26554 _bR.131220 |
||
| 999 |
_c53613 _d53613 |
||